000 00484nam a22001817a 4500
003 CEME
005 20210628202505.0
008 210316b xxu||||| |||| 00| 0 eng d
020 _a0-306-44763-0
040 _c.
082 _a522.19969 PAR'S
100 _aParker, B
_960128
245 _aStairway to the stars the story of the world largest observatory
260 _aNEWYORK
_bPLENUM
_c1994
300 _aA350P
650 _aASTRONOMICAL OBSERVATORIES
_960129
942 _cBK
_2ddc
999 _c569938
_d569938